000
00183 a2200097 4500
020
_a
8434816067
041
_a
spa
100
_a
Carvajal, Victor
245
_a
Cuentatrapos
942
_c
BK
999
_c
28032
_d
28032